Sports Quiz

Random Sports Quiz

Royals first-round draft picks in the Major Leagues Quiz Stats

Quiz not verified by Sporcle

Challenge
Share
Tweet
Embed
Score 0/34 Timer 10:00
0 Plays Today
Hint Answer % Correct
2007 (2nd overall)Eric Hosmer
93.8%
2008 (3rd overall)Mike Moustakas
88.9%
2005 (2nd overall)Alex Gordon
84.2%
2010 (4th overall)Christian Colon
82.4%
2006 (1st overall)Luke Hochevar
80.9%
2014 (17th overall)Brandon Finnegan
77.1%
2004 (14th overall)Billy Butler
67.2%
2002 (6th overall)Zack Greinke
61.6%
2009 (12th overall)Aaron Crow
55.1%
1974 (18th overall)Willie Wilson
47.2%
1987 (9th overall)Kevin Appier
36.4%
1985 (17th overall)Brian McRae
33.1%
2003 (30th overall)Mitch Maier
28.2%
1996 (14th overall)Dee Brown
26.1%
1975 (9th overall)Clint Hurdle
22.3%
1999 (25th overall)Mike MacDougal
19.1%
1992 (10th overall)Michael Tucker
18.2%
Hint Answer % Correct
1997 (7th overall)Dan Reichert
16.1%
1998 (4th overall)Jeff Austin
15.5%
1977 (21st overall)Mike Jones
15%
1989 (13th overall)Brent Mayne
13.2%
1999 (7th overall)Kyle Snyder
12.6%
1978 (25th overall)Buddy Biancalana
12.3%
1993 (5th overall)Jeff Granger
12%
1992 (17th overall)Jim Pittsley
11.7%
1972 (18th overall)Jaime Quirk
11.4%
1991 (7th overall)Joe Vitiello
9.4%
1984 (16th overall)Scott Bankhead
7.6%
1971 (5th overall)Roy Branch
7.3%
1983 (21st overall)Gary Thurman
6.7%
1980 (16th overall)Frank Wills
6.2%
1982 (10th overall)John Morris
6.2%
1979 (21st overall)Atlee Hammaker
5.9%
1981 (23rd overall)Dave Leeper
5.9%

You're not logged in!

Compare scores with friends on all Sporcle quizzes.
Sign Up with Email
OR
Log In

You Might Also Like...

Show Comments

Extras

Top Quizzes Today


Score Distribution

Your Account Isn't Verified!

In order to create a playlist on Sporcle, you need to verify the email address you used during registration. Go to your Sporcle Settings to finish the process.